000 01469cam a2200313 4500
001 ABS63411
008 000000n2001 000 0 eng u
035 _a(Sirsi) u110817
100 _aHedley, C.
245 _aOccupier 2001: business parks
260 _c2001
490 _aEstates Gazette
_v(0105) 3 February 2001, 119-131(9)
520 _aA detailed look at occupiers of business parks. Includes: "Property's principal challenges", discussing the key questions facing the property industry; "Paying cash and mouse", which uses the Halifax's Intelligent Finance as an example of a bank moving away from the High Street towards call centres in order to cut costs; "Going green, slowly", lamenting the fact that developers are reluctant to commission environmentally friendly office buildings due to low demand from occupiers; "Swots on the landscape", asking agents and developers about how the business park is likely to develop in the future; and "Outside chance", examining the BBC's property strategy.
590 _aABS
650 _aBANKS
650 _aBUSINESS PARKS
650 _aCALL CENTRES
650 _aENVIRONMENTALLY FRIENDLY BUILDINGS
650 _aOCCUPIERS
650 _aOFFICES
650 _aSUSTAINABLE BUILDINGS
650 _aTRENDS
690 _aPROPERTY-COMMERCIAL PROPERTY-COMMERCIAL PROPERTY MARKET
700 _aOsborne, H.
700 _aNorwood, G.
700 _aCavanagh, .E.
700 _aJack, S.
942 _n0
999 _c66067
_d66067